000 01000nam a2200265 a 4500
001 45920
003 BD-RjUL
005 20211209054102.0
008 16 s1968 ii b 001 0 eng
035 _a(BD-RjUL)46038
040 _aDLC
_cDLC
_dm.c.
_dMYG
_dBD-RjUL
_beng
041 _aeng
082 _223
_a340
_bAVE 1968
100 1 _aAvins, Alfred.
_9140425
245 1 0 _aEmployees' misconduct :
_bas cause for discipline and dismissal in India and the Commonwealth /
_cAlfred Avins
260 _aAllahabad :
_bLaw Book Co.,
_cc1968.
300 _acxxiv, 731 p.
_c25 cm.
500 _aSubmitted to the Faculty of Law, University of Cambridge for the PH. D. degree, in 1965.
500 _adistributed exclusively in North and South America by Oceana Publications, Dobbs Ferry, N.Y.
650 0 _aLabor discipline
_zIndia.
_9140426
650 0 _aEmployees
_xDismissal of
_zIndia.
_9140427
650 0 _aLabor discipline.
_9140428
650 0 _aEmployees
_xDismissal of.
_9133154
942 _2ddc
_cBK
999 _c45920
_d45920